El español de Guanacaste
Сохранить в:
| Главный автор: | |
|---|---|
| Формат: | |
| Язык: | Undetermined |
| Опубликовано: |
San José, Costa Rica
Editorial de la Universidad de Costa Rica
1991
|
| Предметы: | |
| Метки: |
Добавить метку
Нет меток, Требуется 1-ая метка записи!
|
MARC
| LEADER | 00000nam a2200000Ia 4500 | ||
|---|---|---|---|
| 008 | 170316s9999 xx 000 0 und d | ||
| 090 | |a 410 Q-3es | ||
| 100 | |a Quesada Pacheco, Miguel A. | ||
| 245 | |a El español de Guanacaste | ||
| 260 | |a San José, Costa Rica | ||
| 260 | |b Editorial de la Universidad de Costa Rica | ||
| 260 | |c 1991 | ||
| 300 | |a 235 páginas | ||
| 650 | |a LINGÜÍSTICA | ||
| 999 | |c 18690 |d 18690 | ||
| 040 | |a cru BVZT | ||
| 942 | |c 15 D |h 410 Q-3es |2 z | ||
